000 00394nam a2200157Ia 4500
008 210210b1969 xxu||||| |||| 00| 0 eng d
020 _a09 099461 2
082 _a769.56 BATT
100 _aBATEMAN (Robert).
245 _aTackle stamp collecting this way.
260 _aLondon.
_bStanley Paul.,
_c1969
300 _a128
650 _aStamps
690 _aStamp Collecting
906 _a028489
999 _c79733
_d79733